Rihanna' s Duets - Statistics

General Stats
  • This quiz has been taken 545 times
  • The average score is 10 of 15
Answer Stats
Hint Answer % Correct
Love the way you lie Eminem
95%
Umbrella Jay-Z
95%
What's my name? Drake
91%
We found love Calvin Harris
85%
Can't remember to forget you Shakira
79%
Live your life T.I.
76%
Princess of China Coldplay
74%
Who's that chick? David Guetta
73%
Hate that I love you Ne-Yo
73%
Nobody's business Chris Brown
64%
Raining men Nicki Minaj
60%
If I never see your face again Maroon 5
53%
Rockstar 101 Slash
39%
Hard Jeezy
36%
Photographs Will.i.am
35%
No matching quizzes found
Score Distribution
Percent of People with Each Score
Percentile by Number Answered
Your Score History
You have not taken this quiz